006130000a220009700045001000029000002450045000293000046000745200324001206500014004447730057004581 aTamayo Valencia, Alfonso10aFundamentos de la enseñanza por ciclos anúm.38 (Abr. - May. , 2009), P. 24 - 29 aSe propone un modelo de formación integrado y el diseño de escenarios posibles para una reestructuración orientada a supera las visiones fragmentadas del conocimiento, una propuesta curricular con enfoque constructivista y las herramientas didácticas que le dan sentido y significado a la practica pedagógica.14aPEDAGOGIA0 tRevista internacional magisterio : educación y ped